000
00327nam a2200133Ia 4500
005
20251222155038.0
008
251222s9999||||xx |||||||||||||| ||spa||
082
_a
ADM.38
100
_a
BALDERAS
245
0
_a
Administración de los servicios de enfermerÃa
250
_a
3ra. ed.
264
_b
McGraw-Hill Int.
942
_c
LIB
999
_c
36821
_d
36821